| 000 | 00608nam a2200229 a 4500 | ||
|---|---|---|---|
| 001 | BRCA_5534 | ||
| 005 | 20190320205124.0 | ||
| 008 | 280311s1909----enka######---#000-0#eng-# | ||
| 041 | _aeng | ||
| 044 | _aenk | ||
| 050 | 4 |
_aNK2240 _b.H38 1909 |
|
| 100 | 1 |
_aHayden, Arthur _97291 |
|
| 245 | 1 | 0 |
_aChats on old Furniture _ba Practical Guide for Collectors _cArthur Hayden. |
| 250 | _a3 | ||
| 260 |
_aLondres _bFisher Unwin _cc1909 |
||
| 300 |
_a283 p. _bil. _c21 cm. |
||
| 500 | _aIncluye glosario e índice de ilustraciones | ||
| 500 | _aF8 | ||
| 650 | 1 | 4 |
_aMuebles _96141 |
| 902 | _aGFM | ||
| 942 |
_2lcc _cB |
||
| 999 |
_c5228 _d5228 |
||